000 00452nam a2200169Ia 4500
008 090711s9999 xx 000 0 und d
082 _b46999
100 _aभागवत यशवंत
245 _aमध्यस्त
260 _c1981
300 _a203
600 _aभागवत यशवंत
630 _aमध्यस्त
700 _aभागवत यशवंत
730 _aमध्यस्त
942 _cBOOK
999 _c287959
_d287959